Fr. Conceicao Rodrigues College of Engineering

Automatic & semi-Automatic lathes. (Record no. 27744)

MARC details
000 -LEADER
fixed length control field 00297nam a2200133Ia 4500
082 ## - DEWEY DECIMAL CLASSIFICATION NUMBER
Classification number 621.942
100 ## - MAIN ENTRY--PERSONAL NAME
Personal name Buguslavsky.
245 ## - TITLE STATEMENT
Title Automatic & semi-Automatic lathes.
260 ## - PUBLICATION, DISTRIBUTION, ETC.
Name of publisher, distributor, etc. Peace publishers.
Date of publication, distribution, etc. 2001
300 ## - PHYSICAL DESCRIPTION
Extent 454
546 ## - LANGUAGE NOTE
Language note ENGLISH
654 ## - SUBJECT ADDED ENTRY--FACETED TOPICAL TERMS
Focus term Automatic lathes.
942 ## - ADDED ENTRY ELEMENTS (KOHA)
Koha item type BOOK
Holdings
Withdrawn status Lost status Damaged status Not for loan Collection Home library Current library Date acquired Cost, normal purchase price Inventory number Total Checkouts Full call number Barcode Date last seen Cost, replacement price Price effective from Koha item type
        AFT Fr. Agnel's C.Rodrigues College of Engineering Fr. Agnel's C.Rodrigues College of Engineering 17/03/2023 6.30 1044   621.942 AFT697 17/03/2023 6.30 17/03/2023 BOOK